00524cam a2200145 4500001001100000008004100011020001500052035001500067110007500082245008800157260002800245300001600273650003900289650005000328BUCI016995 s1993 mx spa  a970636014X aBUCI0169951 aConferencia Internacional Anticorrupción 6 :1993 Cancún, México)10aVI Conferencia Internacional Anticorrupción, 1993, Cancún México :b Memoria. aMéxico :bIACC,c1993 aV. ;c21 cm 4aCorrupción política zMéxico 4aCorrupción política zMéxico xCongreso